000 00587nam a2200157Ia 4500
008 150610s9999 xx 000 0 und d
020 _a0 446611093
050 _a HG179
_b.K56 2001   
100 _aKiyosaki, Robert T., 1947-
245 _aRich dad, poor dad : 
_bwhat the rich teach their kids about money that the poor and middle class do not /
_cby Robert T. Kiyosaki with Sharon L. Lechter.
260 _aNew York :
_bWarner Books,
_c2001.
300 _a266pages :
_billustrations ;
_c17 cm.
520 _aFinance, Personal.
650 _xInvestments.
650 _xRich people.
999 _c288129
_d288129